Hodnocení současných vztahů mezi Českou republikou a SRN.

Postoj obyvateľov českého pohraničia k súčasným vzťahom medzi Českou republikou a Nemeckom. Výsledky výskumu. Zlepšovanie vzájomných vzťahov. Kritika zo strany ľavicovo orientovaných občanov. Pozitívnejší postoj voči Nemecku v pohraničí s Bavorskom. Kontakty pestuje elita. Perspektívy rozvoja vzájom...

Ausführliche Beschreibung

Gespeichert in:
Bibliographische Detailangaben
1. Verfasser: Novotný, Lukáš
Format: Buchkapitel
Sprache:Tschechisch
Schlagworte:
Tags: Tag hinzufügen
Keine Tags, Fügen Sie das erste Tag hinzu!

MARC

LEADER 00000naa$a2200000$$$4500
001 0038807
005 20231016092538.9
041 0 |a cze 
044 |a CZ 
245 1 0 |a Hodnocení současných vztahů mezi Českou republikou a SRN.  |c Lukáš Novotný 
520 |a Postoj obyvateľov českého pohraničia k súčasným vzťahom medzi Českou republikou a Nemeckom. Výsledky výskumu. Zlepšovanie vzájomných vzťahov. Kritika zo strany ľavicovo orientovaných občanov. Pozitívnejší postoj voči Nemecku v pohraničí s Bavorskom. Kontakty pestuje elita. Perspektívy rozvoja vzájomných vzťahov. 
610 2 0 |a vzťahy medzinárodné 
610 2 0 |a spolupráca cezhraničná 
610 2 0 |a spolupráca medzinárodná 
610 2 0 |a štát 
610 2 0 |a regióny 
610 2 0 |a občania 
610 2 0 |a mienka verejná 
610 2 0 |a národ 
610 2 0 |a Česko 
610 2 0 |a Nemecko 
100 1 |a Novotný, Lukáš